000 00697nam a2200241Ia 4500
003 OSt
005 20220918205042.0
006 a|||||r|||| 00| 0
007 ta
008 220917b |||||||| |||| 00| 0 eng d
024 _a115,223
037 _cTextual
040 _aARTS
_cARTS
_beng
041 _2eng
_aeng
082 _aV58:19:N1, F5
110 _aRussia, Foreign Office
_9114029
245 0 _aHow the war began in 1914
_b being the diary from the 3rd to the 20th (old style) of July, 1914, tr by W Cyprian Bridge
260 _c1925
650 _aHISTORY
700 _aRussia, Foreign Office
_9114030
942 _hV58:19:N1, F5
_cTEXL
_2CC
999 _c238553
_d238553